Multiple Choice JetPunker Quiz - Stewart - Statistics

General Stats
  • This quiz has been taken 6 times
  • The average score is 6 of 10
Answer Stats
Question Answer % Correct
How many takes does Stewart have, as of November 2025? 50m+
83%
True or false: Stewart has worked for JetPunk and contributed to it. True
83%
Which country is Stewart from? United Kingdom
83%
How many quizzes does Stewart have, as of November 2025? 1k - 2k
67%
True or false: Stewart is related to or affiliated with the Hostetler brothers. False
67%
What is Stewart's total level, as of November 2025? 68
50%
In one of his interviews, Stewart said that he began JetPunking "in the middle of January, over 5 years ago". The year he started can be inferred by combining this with the interview's date. When did he start JetPunking? January 2016
50%
When did Stewart surpass relessness to become the #1 quizmaker? 2023
33%
What did Stewart study in university? Mathematics
33%
When did Stewart graduate from university? 2020
17%
No matching quizzes found
Score Distribution
Percent of People with Each Score
Percentile by Number Answered
Your Score History
You have not taken this quiz